| 000 | 00342nam a22001217a 4500 | ||
|---|---|---|---|
| 008 | 230606b xxu||||| |||| 00| 0 eng d | ||
| 082 |
_a342.967 _bCKRC |
||
| 100 | _cVincent Mboya Mulwa | ||
| 245 |
_aChristianity At The Crossroads _cDelmon General Agencies |
||
| 260 |
_aKenya _bDelmon General Agencies _c2015 |
||
| 300 | _a191 p | ||
| 942 |
_2ddc _cBK |
||
| 999 |
_c639 _d639 |
||